ՀՀ Գիտությունների ազգային ակադեմիայի հիմնարար գիտական գրադարան  =   Fundamental Scientific Library of NAS RA

Քիմիա : (Record no. 169041)

MARC details
000 -LEADER
fixed length control field 00727nam a2200181 u 4500
001 - CONTROL NUMBER
control field 000463604
003 - CONTROL NUMBER IDENTIFIER
control field AM-YeHGA
005 - DATE AND TIME OF LATEST TRANSACTION
control field 20250618072522.0
008 - FIXED-LENGTH DATA ELEMENTS--GENERAL INFORMATION
fixed length control field 051114s1933 ai r 000 0 arm d
040 ## - CATALOGING SOURCE
Original cataloging agency AM-YeHGA
041 1# - LANGUAGE CODE
Language code of text/sound track or separate title arm
Language code of original rus
090 ## - LOCALLY ASSIGNED LC-TYPE CALL NUMBER (OCLC); LOCAL CALL NUMBER (RLIN)
-- 170474
245 10 - TITLE STATEMENT
Title Քիմիա :
Remainder of title Դասագիրք միջնակարգ դպրոցների համար : Մաս /
Statement of responsibility, etc. Վ.Ն. Վերխովսկի.
260 ## - PUBLICATION, DISTRIBUTION, ETC.
Place of publication, distribution, etc. Յերևան :
Name of publisher, distributor, etc. Պետհրատ- ուսմանկհրատբաժին,
Date of publication, distribution, etc. 1933.
300 ## - PHYSICAL DESCRIPTION
Extent Մաս.
505 10 - FORMATTED CONTENTS NOTE
Miscellaneous information Մաս 1, Ուս. 6-րդ տարի (1933, 158 էջ : նկ.)
-- Մաս 2, Ուս. 7-րդ տարի (1933, 142 էջ : նկ.) /
Statement of responsibility Թարգմ.՝ Հ. Թուրշյան
650 14 - SUBJECT ADDED ENTRY--TOPICAL TERM
Topical term or geographic name entry element Քիմիա
Form subdivision Դասագիրք
9 (RLIN) 5631
Holdings
Withdrawn status Lost status Damaged status Not for loan Collection Home library Current library Date acquired Cost, normal purchase price Serial enumeration / chronology Total checkouts Full call number Barcode Date last seen Price effective from Koha item type Public note Shelving control number
        General Fundamental Scientific Library Fundamental Scientific Library 28/12/2016 43.00 2   AII/23878 FL0002752 28/12/2016 28/12/2016 Գրքեր / Books 30 Days Loan  
        General Fundamental Scientific Library Fundamental Scientific Library 28/12/2016   1   AII/38887 220038887 28/12/2016 28/12/2016 Գրքեր / Books 30 Days Loan  
        General Fundamental Scientific Library Fundamental Scientific Library 28/12/2016   2   AII/38909 220038909 28/12/2016 28/12/2016 Գրքեր / Books 30 Days Loan  


ՀՀ ԳԱԱ հիմնարար գիտական գրադարան
ՀՀ,Երևան 0019
Մարշալ Բաղրամյան 24/6
հեռախոս:(374-10) 52-47-50
Հետադարձ կապ

All site content, except where otherwise noted, is licensed under a
Creative Commons License